Statistiques concernant La Filmographie de Ryan Reynolds

Cliquez ici pour prendre le quiz!

Statistiques générales

  • Ce quiz a été pris 33 fois
  • Le résultat moyen est 6 sur 90

Statistiques - réponses

AnnéesFilms/Séries% Correct
2016Deadpool
93%
2018Deadpool 2
75%
2011Green Lantern
68%
2021Red Notice
54%
2021Free Guy
50%
2022Adam à travers le temps
32%
2009X-Men Origins: Wolverine
32%
2021Hitman and Bodyguard
18%
2017Hitman and Bodyguard
18%
2009La Proposition
18%
2010Buried
14%
2014The Voices
14%
2019Fast and Furious: Hobbs and Shaw
11%
2013RIPD: Brigade fantôme
11%
2012Ted
11%
2004Blade: Trinity
7%
2011Echange Standard
7%
2013Les Croods
7%
2019Pokémon: Détective Pikachu
7%
2015Renaissances
7%
2012Sécurité rapproché
7%
2019Six Underground
7%
2013Turbo
7%
2014Captives
4%
2016Criminal: Un espion dans la tête
4%
2005Just Friends
4%
2015La Femme au tableau
4%
2008La Théorie du Chaos
4%
2020Les Croods 2
4%
2017Life: Origine inconnue
4%
2003Scrubs
4%
2005Service non compris
4%
2022Spirited
4%
2015Under Pressure
4%
2008Un jour, peut-être
4%
2009Adventureland: Un job d'été à éviter
0%
2014Albert à l'ouest
0%
2002American Party: Van Wilder relations publiques
0%
2005Amityville
0%
2018Asesinato en el Hormiguero Express
0%
1995-1998Au-delà du réel
0%
2019Becoming Pikachu
0%
1999Coming Soon
0%
2021Corner Gas Animated
0%
1996Coup de sang
0%
2017Deadpool: No Good Dead
0%
2021Deadpool's Maximum Reactions
0%
1998Des vacances mouvementées
0%
1999Dick: Les Coulisses de la présidence
0%
2003Espion mais pas trop!
0%
1991Fifteen
0%
2008Fireflies in the Garden
0%
2003Foolproof
0%
2017Gettin' Wet on Wet with Deadpool 2
0%
2004Harold et Kumar chassent le burger
0%
2016Honest Trailers: Deadpool
0%
2018Honest Trailers: Deadpool
0%
2017Honest Trailers: Logan
0%
2023Imaginary Friends
0%
2020James and the Giant Peach
0%
1997L'Alarmiste
0%
2005Leçons de vie
0%
2002Le Coup de Vénus
0%
2000Le Monstre du campus
0%
1996Le Prix d'une amitié
0%
1995Les Galons du silence
0%
2011-2012 et 2017Les Griffin
0%
2017Life: Astronaut Diaries
0%
1993-1994L'Odyssée fantastique ou imaginaire
0%
1995Lonesome Dove: The Outlaw Years
0%
2006Mi$e à prix
0%
2007My Boys
0%
1993Ordinary Magic
0%
2009Paper Man
0%
2001Petite arnaque entre amis
0%
2016Piaget: Polo S
0%
1996Sabrina, l'apprentie sorcière
0%
2009Saturday Night Live
0%
2010Secret Origin: Story of DC Comics
0%
2017The Hitman's Bodyguard: The Hitman vs. The Bodyguard
0%
1996The John Larroquette Show
0%
1995The Marshal
0%
2007The Nines
0%
2011The Whale
0%
2012Top Gear
0%
1994Une femme en péril
0%
1998-2001Un toit pour trois
0%
2000We All Fall Down
0%
1996X-Files: Aux frontières du réel
0%
2004-2005Zeroman
0%

Distribution des résultats

Percentile par nombre de réponses

% des personnes avec chaque résultat

Votre développement - résultats

Vous n’avez pas pris ce quiz